000 00318nam a2200133Ia 4500
008 230818s2002 xx 000 0 und d
041 _aeng
100 _aOhopra V.
245 _aOriginal Indian Cookery
260 _bAmay pub.
_c2002
300 _a256p
520 _aGeneral | Hard Board
999 _c854732
_d854732
650 _aFood Production